000 00627nam a2200229Ia 4500
003 OSt
005 20221007072331.0
006 a|||||r|||| 00| 0
007 ta
008 221006b |||||||| |||| 00| 0 eng d
024 _a10,015
037 _cReference Collections
040 _aFLL
_cFLL
_beng
041 _2eng
_aeng
082 _aZ1:3, K7
100 _aHolloway Kaye Au.
_9690495
245 0 _aModren trends in treaty law
260 _aLondon
_bStevens & Sons London
_c1967
300 _axix,737p
_ccm.
942 _hZ1:3, K7
_cREF
_2CC
999 _c1145783
_d1145783